Electrochemical analysis of solid polymer electrolyte membranes used in lithium-based batteries a literature survey /

Elmentve itt :
Bibliográfiai részletek
Szerzők: Fagadar-Cosma Gheorghe
Plesu Nicoleta
Fagadar-Cosma Eugenia
Ilia Gheorghe
Iliescu Smaranda
Macarie Lavinia
Popa Adriana
Testületi szerző: International Symposium on Analytical and Environmental Problems (17.) (2011) (Szeged)
Dokumentumtípus: Könyv része
Megjelent: SZAB Szeged 2012
Sorozat:Proceedings of the International Symposium on Analytical and Environmental Problems 17
Kulcsszavak:Elektrokémia, Környezetkémia
Tárgyszavak:
Online Access:http://acta.bibl.u-szeged.hu/76439
LEADER 01228naa a2200289 i 4500
001 acta76439
005 20220822102328.0
008 220810s2012 hu o 1|| eng d
020 |a 978-963-315-066-5 
040 |a SZTE Egyetemi Kiadványok Repozitórium  |b hun 
041 |a eng 
100 2 |a Fagadar-Cosma Gheorghe 
245 1 0 |a Electrochemical analysis of solid polymer electrolyte membranes used in lithium-based batteries   |h [elektronikus dokumentum] :  |b a literature survey /  |c  Fagadar-Cosma Gheorghe 
260 |a SZAB  |b Szeged  |c 2012 
300 |a 263-266 
490 0 |a Proceedings of the International Symposium on Analytical and Environmental Problems  |v 17 
650 4 |a Természettudományok 
650 4 |a Kémiai tudományok 
695 |a Elektrokémia, Környezetkémia 
700 0 1 |a Plesu Nicoleta  |e aut 
700 0 2 |a Fagadar-Cosma Eugenia  |e aut 
700 0 2 |a Ilia Gheorghe  |e aut 
700 0 2 |a Iliescu Smaranda  |e aut 
700 0 2 |a Macarie Lavinia  |e aut 
700 0 2 |a Popa Adriana  |e aut 
711 |a International Symposium on Analytical and Environmental Problems (17.) (2011) (Szeged)  |c Szeged  |d 2011. szeptember 19. 
856 4 0 |u http://acta.bibl.u-szeged.hu/76439/1/proceedings_of_isaep_2011_263-266.pdf  |z Dokumentum-elérés